Kuch Aur Nahi (Record no. 69368)

000 -LEADER
fixed length control field 00419nam a22001697a 4500
003 - CONTROL NUMBER IDENTIFIER
control field NUST - PNEC
005 - DATE AND TIME OF LATEST TRANSACTION
control field 20170116181117.0
008 - FIXED-LENGTH DATA ELEMENTS--GENERAL INFORMATION
fixed length control field 151004b xxu||||| |||| 00| 0 eng d
020 ## - INTERNATIONAL STANDARD BOOK NUMBER
International Standard Book Number 9693500849
040 ## - CATALOGING SOURCE
Transcribing agency LIBRARY
082 ## - DEWEY DECIMAL CLASSIFICATION NUMBER
Classification number 891.4393 QUD
100 ## - MAIN ENTRY--PERSONAL NAME
9 (RLIN) 13257
Personal name Qudsia, Bano
245 ## - TITLE STATEMENT
Title Kuch Aur Nahi
Statement of responsibility, etc. Bano Qudsia
260 ## - PUBLICATION, DISTRIBUTION, ETC.
Date of publication, distribution, etc. c.2004
650 ## - SUBJECT ADDED ENTRY--TOPICAL TERM
9 (RLIN) 13259
Topical term or geographic name entry element Short stories, Urdu
General subdivision General
942 ## - ADDED ENTRY ELEMENTS (KOHA)
Source of classification or shelving scheme
Koha item type Book
Holdings
Withdrawn status Lost status Source of classification or shelving scheme Damaged status Not for loan Permanent Location Current Location Shelving location Date acquired Total Checkouts Full call number Barcode Date last seen Price effective from Koha item type
          Pakistan Navy Engineering College (PNEC) Pakistan Navy Engineering College (PNEC)       891.4393 QUD PNECLIB-031300 10/04/2015   Book
          School of Civil and Environmental Engineering (SCEE) School of Civil and Environmental Engineering (SCEE)   05/18/2017   891.4393 QUD NIT-8673 05/18/2017 05/18/2017 Book
© 2023 Central Library, National University of Sciences and Technology. All Rights Reserved.